000 00444 a2200205 4500
260 _aParis
100 _aNAHAL, Ibrahim
260 _bMasson
245 _aPrincipes de conservation du sol
300 _a143 p.
650 _a<Sols>
260 _c1975
300 _bfig. ; 24 cm
130 _lFr.
440 _a(Collection de géographie applicable)
035 _a3183
999 _c11538
_d11538